01663nam a22004577a 4500003000400000005001700004008004100021040002200062082001500084110003800099245004000137260005200177300001800229366000800247366000800255366000800263490002400271505001400295505011500309505001600424505002700440505002300467505001200490505003500502505002500537505002400562505001900586505001700605650004600622650005000668650004300718650004800761650004300809650004400852650005300896650004700949650004300996942002601039999001501065952012501080OSt20230413162745.0221006b |||||||| |||| 00| 0 eng d cBiblioteca Lado V a700bA849a 9800aAssociation Athemeedirector aArtheme/bArt contemporain caraibe/ bConseil general de la Guadeloupec1999aFrancia c21x30cma41p. espa efre eeng v1999a03x1292 3745 tEditorial tMartiniqueaLe Marin OMC du Marin Habdaphai OMC du Marin Josiane Antourel IV Biennale Orientale dy Marin tBest-Seller tActualites caribeennes tMartinique [suite] tArtheme tActualites caribeennes [suite] tMusees des Ameriques tAteliers d'artistes tRetrsopectives tPerspectives 2Tesauro de Arte & ArquitecturaaARTE9703 2Tesauro de Arte & ArquitecturaaEXPOSICIONES  2Tesauro de Arte & ArquitecturaaBIENAL 2Tesauro de Arte & ArquitecturaaAPRECIACION 2Tesauro de Arte & ArquitecturaaTEORIA 2Tesauro de Arte & ArquitecturaaCRITICA 2Tesauro de Arte & ArquitecturaaFOTOGRAFIA 9702 2Tesauro de Arte & ArquitecturaaLITERATURA 2Tesauro de Arte & ArquitecturaaCUBANO 2ddcc1h700iA849an0 c3383d3383 00102ddc3199940708RevistasaLVbLVd2023-04-13h3i002572l0o700 A849ap002572r2023-04-13 00:00:00w2023-04-13y1